[Event "Rated Blitz tournament DTT6GLxt"]
[Site "?"]
[Date "2021.05.18"]
[Round "?"]
[White "Cabaret"]
[Black "iskander2007"]
[Result "1/2-1/2"]
[WhiteElo "2419"]
[BlackElo "2289"]
[PlyCount "123"]
[EventDate "2021.??.??"]
[EventType "blitz"]

1. e4 e5 2. Nf3 d5 3. exd5 e4 4. Qe2 f5 5. d3 Nf6 6. Nfd2 Be7 7. dxe4 fxe4 8.
Nxe4 Nxe4 9. Qxe4 O-O 10. Be3 Bf6 11. Nc3 Bf5 12. Qc4 Kh8 13. O-O-O Nd7 14. h3
Nb6 15. Qb3 a5 16. a4 Bxc3 17. Qxc3 Nxa4 18. Qe5 Qd7 19. d6 Rae8 20. Qxa5 b6
21. Qb5 c5 22. Qxd7 Bxd7 23. Bc4 b5 24. Bd5 Rf5 25. g4 Rf6 26. Bg2 c4 27. c3 b4
28. cxb4 c3 29. bxc3 Nxc3 30. Rd3 Na2+ 31. Kd2 Nxb4 32. Rd4 Nc6 33. Bxc6 Bxc6
34. Rc1 Bd7 35. Rc7 Rf7 36. Bg5 h6 37. Be7 Bb5 38. Ke3 Kg8 39. f4 g6 40. f5
gxf5 41. gxf5 Rxf5 42. Ke4 Rh5 43. Rd5 Rxd5 44. Kxd5 Ba4 45. Ke6 Bb3+ 46. Kf6
Ba4 47. d7 Bxd7 48. Rxd7 Rc8 49. Rd8+ Rxd8 50. Bxd8 Kh7 51. Be7 h5 52. Kg5 h4
53. Kxh4 Kg6 54. Kg4 Kh7 55. Bg5 Kg6 56. h4 Kh7 57. h5 Kg7 58. Kf5 Kh7 59. h6
Kh8 60. Kf6 Kg8 61. Kg6 Kh8 62. h7 {Normal} 1/2-1/2

[Event "Rated Blitz game"]
[Site "?"]
[Date "2021.05.18"]
[Round "?"]
[White "AyUsHaDoLsOnOv"]
[Black "JellalFernandes"]
[Result "1-0"]
[WhiteElo "2550"]
[BlackElo "2607"]
[PlyCount "76"]
[EventDate "2021.??.??"]
[EventType "blitz"]

1. e4 e5 2. Nf3 d5 3. d3 dxe4 4. Nxe5 Nf6 5. Nc3 Bd6 6. Nc4 exd3 7. Nxd6+ Qxd6
8. Bxd3 O-O 9. O-O Ng4 10. g3 Nc6 11. Bf4 Qf6 12. Bxc7 Qh6 13. h4 Nge5 14. Be4
Bg4 15. f3 Qe3+ 16. Kg2 Be6 17. Qe2 Qc5 18. Qf2 Qe7 19. Bxe5 Nxe5 20. Rfe1 Nc4
21. Bd5 Nxb2 22. Rab1 Qa3 23. Nb5 Qb4 24. c4 Bxd5 25. Rxb2 Qxc4 26. Nd6 Qc6 27.
Nf5 Kh8 28. Ne7 Qd7 29. Rd2 Bxf3+ 30. Kxf3 Qa4 31. Kg2 Rae8 32. Rde2 h6 33. Qf4
Qb5 34. Kh2 a5 35. Qf3 a4 36. Nf5 Rxe2+ 37. Rxe2 Qd7 38. Qg4 Rd8 {Normal} 1-0

[Event "Rated Rapid game"]
[Site "?"]
[Date "2021.05.18"]
[Round "?"]
[White "multiaccounting"]
[Black "Delyvj"]
[Result "0-1"]
[WhiteElo "2371"]
[BlackElo "2451"]
[PlyCount "58"]
[EventDate "2021.??.??"]
[EventType "rapid"]

1. e4 e5 2. Nf3 d5 3. exd5 e4 4. Qe2 f5 5. Nc3 Ne7 6. d3 exf3 7. Qxf3 g6 8. Bg5
Bg7 9. O-O-O O-O 10. d4 Bf6 11. h4 c6 12. d6 Qxd6 13. Bc4+ Be6 14. Bf4 Qd7 15.
d5 cxd5 16. Rhe1 Bf7 17. Rxe7 Qxe7 18. Nxd5 Bxd5 19. Bxd5+ Kg7 20. Bxb7 Nc6 21.
Bxa8 Nd4 22. Qb7 Ne2+ 23. Kb1 Qxb7 24. Bxb7 Nxf4 25. g3 Ne6 26. c4 Rb8 27. Rd7+
Kh6 28. b3 Nc5 29. Rd6 Be7 {Normal} 0-1

[Event "Rated Rapid game"]
[Site "?"]
[Date "2021.05.18"]
[Round "?"]
[White "VRK"]
[Black "Delyvj"]
[Result "0-1"]
[WhiteElo "2459"]
[BlackElo "2444"]
[PlyCount "70"]
[EventDate "2021.??.??"]
[EventType "rapid"]

1. e4 e5 2. Nf3 d5 3. d3 dxe4 4. dxe4 Qxd1+ 5. Kxd1 Bc5 6. Nxe5 Bxf2 7. Bc4 Be6
8. Bxe6 fxe6 9. Rf1 Bd4 10. Nf7 Nc6 11. Nxh8 Nf6 12. Bg5 Bxb2 13. c3 Bxa1 14.
Bxf6 gxf6 15. Rxf6 O-O-O+ 16. Kc2 Rxh8 17. Nd2 Re8 18. Rf1 Bxc3 19. Kxc3 Ne5
20. Rf6 Kd7 21. Rh6 Re7 22. Kd4 Kd6 23. Rh5 b6 24. h3 c5+ 25. Ke3 b5 26. g4 c4
27. Kf4 c3 28. Nb3 Rf7+ 29. Ke3 Rf3+ 30. Ke2 Rg3 31. Nd4 a6 32. Rxh7 Rg2+ 33.
Ke1 Rxa2 34. g5 Nd3+ 35. Kd1 Rd2# {Normal} 0-1

[Event "Rated Blitz game"]
[Site "?"]
[Date "2021.05.18"]
[Round "?"]
[White "Kruink2002"]
[Black "khalid_ontawar"]
[Result "0-1"]
[WhiteElo "2399"]
[BlackElo "2446"]
[PlyCount "58"]
[EventDate "2021.??.??"]
[EventType "blitz"]

1. e4 e5 2. Nf3 d5 3. exd5 e4 4. Qe2 Nf6 5. Nc3 Bf5 6. Ng5 Be7 7. Ngxe4 O-O 8.
d3 Bb4 9. Bd2 Bxc3 10. Nxc3 Re8 11. Be3 Nxd5 12. Nxd5 Qxd5 13. Qf3 Qb5 14. Be2
Nc6 15. O-O Bg6 16. b3 Re6 17. d4 Qa5 18. c4 Rae8 19. Rfe1 Qc3 20. Rad1 Rxe3
21. fxe3 Rxe3 22. Qg4 h5 23. Qc8+ Kh7 24. d5 Nb4 25. Qxc7 Nc2 26. Rc1 Qd4 27.
Kh1 Nxe1 28. Rxe1 Rxe2 29. Rg1 Rxg2 {Normal} 0-1

[Event "Rated Blitz game"]
[Site "?"]
[Date "2021.05.18"]
[Round "?"]
[White "good_knight_kisses"]
[Black "khalid_ontawar"]
[Result "0-1"]
[WhiteElo "2398"]
[BlackElo "2440"]
[PlyCount "110"]
[EventDate "2021.??.??"]
[EventType "blitz"]

1. e4 e5 2. Nf3 d5 3. exd5 e4 4. Qe2 Nf6 5. Nc3 Bf5 6. Nd4 Bd7 7. Nxe4 Nxe4 8.
Qxe4+ Be7 9. Nf5 Bxf5 10. Qxf5 O-O 11. d4 Bf6 12. Be3 Re8 13. O-O-O g6 14. Qf3
Nd7 15. h4 Nb6 16. c4 c6 17. dxc6 bxc6 18. h5 Bg7 19. hxg6 hxg6 20. Qh3 Rb8 21.
Qh7+ Kf8 22. Bh6 Bxh6+ 23. Qxh6+ Ke7 24. Qg5+ Kd7 25. Qxd8+ Rbxd8 26. Bd3 Ke7
27. Rde1+ Kf6 28. Rxe8 Rxe8 29. Kd2 Rd8 30. Kc3 Na4+ 31. Kb3 Nb6 32. Rh4 Nd7
33. f4 Nb6 34. c5 Nd5 35. Bc4 Ne3 36. Kc3 Nf5 37. Rh7 Rd7 38. b4 Nxd4 39. Rxf7+
Rxf7 40. Bxf7 Nb5+ 41. Kc4 Kxf7 42. a4 Nc7 43. b5 Ke6 44. b6 axb6 45. cxb6 Na6
46. g4 Kf6 47. a5 Ke6 48. b7 Kd6 49. f5 gxf5 50. gxf5 Ke5 51. b8=Q+ Nxb8 52.
Kc5 Kxf5 53. a6 Ke6 54. a7 Kd7 55. a8=Q Na6+ {Time forfeit} 0-1

[Event "Rated Blitz game"]
[Site "?"]
[Date "2021.05.18"]
[Round "?"]
[White "LeDernierPassager"]
[Black "anjaya01"]
[Result "0-1"]
[WhiteElo "2283"]
[BlackElo "2460"]
[PlyCount "66"]
[EventDate "2021.??.??"]
[EventType "blitz"]

1. e4 e5 2. Nf3 d5 3. exd5 Bd6 4. Qe2 Nd7 5. d4 e4 6. Nc3 Ngf6 7. Nxe4 Nxe4 8.
Qxe4+ Kf8 9. Bc4 a6 10. Bb3 h6 11. c4 b6 12. O-O g5 13. Ne5 Kg7 14. Nc6 Qf6 15.
f4 g4 16. Be3 Nf8 17. Bc2 h5 18. Ne5 a5 19. f5 Nh7 20. Qf4 Re8 21. Bd2 Rxe5 22.
dxe5 Bxe5 23. Qe3 Bxb2 24. Qe1 Ba6 25. Bd3 Qd4+ 26. Kh1 Qxd3 27. Rd1 Qxc4 28.
f6+ Bxf6 29. Qe3 Kh8 30. Rxf6 Nxf6 31. Qh6+ Nh7 32. Bg5 Qc3 33. Re1 Qxe1# {
Normal} 0-1

[Event "Rated Blitz tournament DTT6GLxt"]
[Site "?"]
[Date "2021.05.18"]
[Round "?"]
[White "Cabaret"]
[Black "iskander2007"]
[Result "1-0"]
[WhiteElo "2419"]
[BlackElo "2304"]
[PlyCount "67"]
[EventDate "2021.??.??"]
[EventType "blitz"]

1. e4 e5 2. Nf3 d5 3. exd5 e4 4. Qe2 f5 5. d3 Nf6 6. Nfd2 Be7 7. dxe4 fxe4 8.
Nxe4 Nxe4 9. Qxe4 O-O 10. Be3 Bf5 11. Qc4 Bd6 12. Nd2 b5 13. Qb3 a6 14. Bd3 Nd7
15. Bxf5 Rxf5 16. Qd3 Rf8 17. O-O-O Ne5 18. Qe2 Qf6 19. Ne4 Qg6 20. f3 Nc4 21.
Bd4 Rae8 22. Kb1 Qf5 23. Rhe1 Qg6 24. g4 Bb4 25. Rf1 Nd6 26. a3 Ba5 27. b4 Bb6
28. Bxb6 cxb6 29. Rde1 Nc4 30. Qd3 Rxe4 31. fxe4 Rxf1 32. Rxf1 Qxg4 33. d6 Qd7
34. Qd5+ {Normal} 1-0

[Event "Rated Blitz game"]
[Site "?"]
[Date "2021.05.18"]
[Round "?"]
[White "Xanax_2mg"]
[Black "khalid_ontawar"]
[Result "1-0"]
[WhiteElo "2389"]
[BlackElo "2401"]
[PlyCount "65"]
[EventDate "2021.??.??"]
[EventType "blitz"]

1. e4 e5 2. Nf3 d5 3. Qe2 dxe4 4. Qxe4 Nc6 5. Nxe5 Nxe5 6. Qxe5+ Be6 7. Bc4 Qd7
8. Bxe6 fxe6 9. O-O Bd6 10. Qh5+ g6 11. Qe2 O-O-O 12. Re1 Re8 13. d4 Nf6 14.
Nc3 Rhf8 15. Nb5 a6 16. Nxd6+ Qxd6 17. Be3 h5 18. h3 Nd5 19. c4 Nxe3 20. Qxe3
Rf6 21. Rad1 Ref8 22. Rd2 Kb8 23. Qe5 Qd7 24. d5 exd5 25. cxd5 Qf7 26. d6 Rxf2
27. dxc7+ Kc8 28. Rd8+ Rxd8 29. cxd8=Q+ Kxd8 30. Qb8+ Kd7 31. Qxb7+ Kd6 32.
Qb6+ Kd7 33. Qxf2 {Normal} 1-0

[Event "Rated Blitz game"]
[Site "?"]
[Date "2021.05.18"]
[Round "?"]
[White "Acarak0102"]
[Black "Schachelite"]
[Result "0-1"]
[WhiteElo "2347"]
[BlackElo "2407"]
[PlyCount "150"]
[EventDate "2021.??.??"]
[EventType "blitz"]

1. e4 e5 2. Nf3 d5 3. exd5 e4 4. Qe2 Nf6 5. Nc3 Be7 6. Nxe4 O-O 7. Nxf6+ Bxf6
8. d3 Re8 9. Be3 Qxd5 10. c3 c5 11. g3 Bg4 12. Bg2 Nc6 13. h3 Bh5 14. g4 Bg6
15. O-O Bxd3 16. Qd2 Rad8 17. Rfd1 Qc4 18. b3 Qxc3 19. Qxc3 Bxc3 20. Rac1 Bb4
21. Bxc5 Bxc5 22. Rxc5 Be4 23. Rxd8 Rxd8 24. Ne5 Bxg2 25. Kxg2 Nxe5 26. Rxe5
Kf8 27. Rc5 Rd7 28. Rc8+ Ke7 29. Rh8 h6 30. Rg8 Kf6 31. Rc8 b6 32. Rc2 Ke5 33.
Re2+ Kf4 34. Rc2 f5 35. gxf5 Kxf5 36. Kf3 h5 37. Kg3 Kg5 38. f4+ Kf5 39. Re2
Rd3+ 40. Kh4 g6 41. Rf2 Rd4 42. Kg3 b5 43. Rc2 Rd3+ 44. Kg2 Kxf4 45. Rc5 Rd2+
46. Kf1 Rxa2 47. Rxb5 g5 48. Rc5 Rb2 49. Rc4+ Kg3 50. Rc3+ Kh4 51. Kg1 a5 52.
Re3 Rc2 53. Rd3 Re2 54. Kh1 Rf2 55. Kg1 Rf4 56. Kg2 Re4 57. Kf3 Rb4 58. Kg2 Rf4
59. Rc3 Rd4 60. Re3 Rd2+ 61. Kg1 g4 62. Rc3 g3 63. Kf1 Kxh3 64. Ke1 Ra2 65. Rc5
h4 66. Rc2 Rxc2 67. Kd1 Rb2 68. Kc1 Rxb3 69. Kc2 Rb4 70. Kc3 g2 71. Kd3 g1=Q
72. Kc3 Qg3+ 73. Kd2 Rf4 74. Kc2 Rf2+ 75. Kc1 Qg1# {Normal} 0-1

[Event "Rated Rapid game"]
[Site "?"]
[Date "2021.05.18"]
[Round "?"]
[White "ajbaba"]
[Black "Phdchess50"]
[Result "0-1"]
[WhiteElo "2436"]
[BlackElo "2372"]
[PlyCount "44"]
[EventDate "2021.??.??"]
[EventType "rapid"]

1. e4 e5 2. Nf3 d5 3. d4 dxe4 4. Nxe5 Bd6 5. Nc4 Nf6 6. Bg5 Bf5 7. Nc3 O-O 8.
Ne3 Bg6 9. Ned5 Nbd7 10. Bc4 c6 11. Nf4 Qa5 12. Nxg6 Qxg5 13. Nxf8 Qxg2 14. Rf1
Nxf8 15. Qd2 Ng6 16. f3 exf3 17. Qxg2 fxg2 18. Rg1 Nh4 19. Kf2 Ng4+ 20. Ke2
Re8+ 21. Kd3 Nf2+ 22. Kd2 Bf4# {Normal} 0-1

[Event "Rated Blitz tournament tIL402fL"]
[Site "?"]
[Date "2021.05.18"]
[Round "?"]
[White "Evgeny_Davidenko"]
[Black "vendetto"]
[Result "1-0"]
[WhiteElo "2401"]
[BlackElo "2350"]
[PlyCount "169"]
[EventDate "2021.??.??"]
[EventType "blitz"]

1. e4 e5 2. Nf3 d5 3. d4 dxe4 4. Nxe5 Bd6 5. Be3 Bxe5 6. dxe5 Qxd1+ 7. Kxd1 Nc6
8. Bb5 Nge7 9. Nd2 Bg4+ 10. Kc1 Bf5 11. Bg5 O-O 12. Rg1 a6 13. Bxc6 Nxc6 14.
Bf4 Rfe8 15. g4 Bg6 16. h4 h6 17. g5 h5 18. Re1 Nxe5 19. Bxe5 Rxe5 20. b3 Rd8
21. Nc4 Rf5 22. Re2 Rf4 23. Kb2 Rxh4 24. Ne5 Rf4 25. Rae1 Re8 26. Nc4 h4 27.
Nd2 Rg4 28. Rh1 b6 29. Nf1 Rg2 30. Rxh4 e3 31. Nxe3 Rg1 32. Rd4 Rxg5 33. Red2
Rge5 34. Rd7 R5e7 35. Rd8 Rxd8 36. Rxd8+ Kh7 37. a4 a5 38. Kc3 Be4 39. Kd4 Bc6
40. Kc3 Kg6 41. Rd4 Kf6 42. Rf4+ Ke5 43. Rg4 g6 44. Rg5+ Kf6 45. Rg3 Rd7 46.
Nc4 Ke7 47. Re3+ Kd8 48. Ne5 Rd6 49. Nxf7+ Kd7 50. Nxd6 Kxd6 51. Kd4 Bd7 52.
Rg3 Bf5 53. c3 Ke6 54. b4 Kd6 55. bxa5 bxa5 56. c4 c5+ 57. Kc3 Ke5 58. Kd2 Ke4
59. Rb3 Kd4 60. Rb5 Kxc4 61. Rxa5 Kb4 62. Ra7 c4 63. Kc1 c3 64. a5 Kb5 65. Rc7
Kxa5 66. Rxc3 Kb4 67. Rc7 Kb5 68. Kd2 Kb6 69. Rg7 Kc6 70. Ke3 Kd6 71. Kf4 Ke6
72. Kg5 Ke5 73. Re7+ Kd6 74. Re3 Kd5 75. f4 Kd6 76. Re5 Kd7 77. Rxf5 gxf5 78.
Kxf5 Ke7 79. Kg6 Kf8 80. Kf6 Kg8 81. Ke7 Kg7 82. f5 Kh8 83. f6 Kh7 84. f7 Kg7
85. f8=Q+ {Time forfeit} 1-0

[Event "Rated Blitz game"]
[Site "?"]
[Date "2021.05.18"]
[Round "?"]
[White "Eraschenkov"]
[Black "Taabling"]
[Result "1/2-1/2"]
[WhiteElo "2669"]
[BlackElo "2477"]
[PlyCount "143"]
[EventDate "2021.??.??"]
[EventType "blitz"]

1. e4 e5 2. Nf3 d5 3. Nxe5 Bd6 4. d4 dxe4 5. Nc4 Nf6 6. Nc3 Bb4 7. Be2 O-O 8.
O-O Bxc3 9. bxc3 Nc6 10. Rb1 b6 11. Bg5 h6 12. Bh4 g5 13. Bg3 Nd5 14. Qd2 f5
15. Be5 Be6 16. f3 e3 17. Nxe3 Nxe5 18. dxe5 Nf4 19. Bd3 Qe7 20. g3 Qc5 21. Kh1
Nxd3 22. cxd3 Qxe5 23. d4 Qf6 24. f4 g4 25. Rb5 Rad8 26. Re5 Bc8 27. h3 h5 28.
d5 Rf7 29. h4 Re7 30. Qd4 c5 31. Qd2 Rxe5 32. fxe5 Qxe5 33. Rf4 Rd6 34. Kg1 b5
35. Kf2 Bd7 36. a3 a5 37. Qd3 c4 38. Qd2 Kf7 39. Rd4 Ke8 40. Ng2 f4 41. Nxf4
Bf5 42. Nxh5 Kd8 43. Nf4 Kc8 44. a4 Bd3 45. axb5 Rf6 46. Qe3 Qd6 47. Qe8+ Kb7
48. Qc6+ Ka7 49. b6+ Ka6 50. b7+ Ka7 51. Qc8 Qb8 52. d6 Bf5 53. Qxb8+ Kxb8 54.
d7 Bxd7 55. Rxd7 a4 56. Rd4 a3 57. Rxc4 Ra6 58. Rd4 a2 59. Rd1 a1=Q 60. Rxa1
Rxa1 61. h5 Kxb7 62. Ke3 Re1+ 63. Ne2 Rh1 64. Nf4 Rg1 65. Kf2 Rc1 66. h6 Rxc3
67. h7 Rc2+ 68. Kg1 Rc1+ 69. Kh2 Rc2+ 70. Kg1 Rc1+ 71. Kg2 Rc2+ 72. Kg1 {Normal
} 1/2-1/2

[Event "Rated Blitz game"]
[Site "?"]
[Date "2021.05.18"]
[Round "?"]
[White "Aleator009"]
[Black "CristianS27"]
[Result "1-0"]
[WhiteElo "2560"]
[BlackElo "2470"]
[PlyCount "51"]
[EventDate "2021.??.??"]
[EventType "blitz"]

1. e4 e5 2. Nf3 d5 3. Nxe5 dxe4 4. d4 Nd7 5. Nxd7 Bxd7 6. Bc4 Bd6 7. Nd2 Nf6 8.
Qe2 O-O 9. h3 Re8 10. Nf1 c6 11. Bg5 b5 12. Bb3 a5 13. a3 h6 14. Bh4 g5 15. Bg3
Bf5 16. Rd1 Bg6 17. h4 g4 18. Ne3 h5 19. d5 Bxg3 20. fxg3 cxd5 21. Bxd5 Nxd5
22. Rxd5 Qc7 23. Kf2 Re5 24. Rhd1 Rae8 25. Qxb5 Rxd5 26. Qxe8+ {Normal} 1-0

[Event "Rated Blitz game"]
[Site "?"]
[Date "2021.05.18"]
[Round "?"]
[White "Josefinoo1"]
[Black "anjaya01"]
[Result "0-1"]
[WhiteElo "2291"]
[BlackElo "2433"]
[PlyCount "76"]
[EventDate "2021.??.??"]
[EventType "blitz"]

1. e4 e5 2. Nf3 d5 3. exd5 Bd6 4. Bc4 f5 5. d3 Nf6 6. Bg5 h6 7. Bxf6 Qxf6 8.
Nc3 a6 9. Bb3 O-O 10. O-O Kh7 11. Qe2 g5 12. Rae1 Nd7 13. Nd2 Nc5 14. Nc4 Bd7
15. Nxe5 Rae8 16. Nxd7 Nxd7 17. Qxe8 Rxe8 18. Rxe8 Qd4 19. Rfe1 Nf6 20. R8e6
Ng4 21. R1e2 Bxh2+ 22. Kf1 Bd6 23. Ke1 Qf4 24. Kf1 Qh2 25. Ke1 Qxg2 26. Rxd6
cxd6 27. Re7+ Kg6 28. Nd1 h5 29. Re6+ Nf6 30. Rxd6 h4 31. Ne3 Qg1+ 32. Ke2 f4
33. Nc4 h3 34. Ne5+ Kf5 35. Nf3 Qg4 36. c3 h2 37. Bc2 h1=Q 38. d4+ Ne4 {Normal}
0-1

[Event "Rated Blitz game"]
[Site "?"]
[Date "2021.05.18"]
[Round "?"]
[White "Antonchempion"]
[Black "Yucatan2000"]
[Result "0-1"]
[WhiteElo "2219"]
[BlackElo "2464"]
[PlyCount "74"]
[EventDate "2021.??.??"]
[EventType "blitz"]

1. e4 e5 2. Nf3 d5 3. exd5 e4 4. Qe2 Nf6 5. Nc3 Bf5 6. Nh4 Qd7 7. d3 Bg4 8. f3
Bh5 9. dxe4 Bb4 10. Bd2 O-O 11. g4 Nxg4 12. fxg4 Bxg4 13. Qg2 Re8 14. Bd3 Bh5
15. Rg1 Bg6 16. O-O-O Na6 17. Nxg6 hxg6 18. h4 Re5 19. Bf4 Rh5 20. Be2 Rxh4 21.
Qg3 Rh3 22. Bg4 Rxg3 23. Bxd7 Rxc3 24. bxc3 Bxc3 25. Bb5 Nc5 26. e5 a6 27. Bc4
Re8 28. d6 Bxe5 29. Bxe5 Rxe5 30. dxc7 g5 31. c8=Q+ Kh7 32. Rg2 Kg6 33. Rd6+ f6
34. Rd5 Nd3+ 35. Bxd3+ f5 36. Qd7 Re1+ 37. Kb2 Re6 {Time forfeit} 0-1

[Event "Rated Rapid game"]
[Site "?"]
[Date "2021.05.18"]
[Round "?"]
[White "xylonblood"]
[Black "Delyvj"]
[Result "1-0"]
[WhiteElo "2487"]
[BlackElo "2437"]
[PlyCount "47"]
[EventDate "2021.??.??"]
[EventType "rapid"]

1. e4 e5 2. Nf3 d5 3. c4 dxe4 4. Nxe5 Nd7 5. Nxd7 Bxd7 6. d4 exd3 7. Bxd3 Bb4+
8. Nc3 Qe7+ 9. Be3 Nf6 10. O-O Bxc3 11. bxc3 O-O-O 12. Bxa7 Qa3 13. Bd4 c5 14.
Bxf6 gxf6 15. Qf3 Qxc3 16. Rfb1 Kc7 17. Rxb7+ Kd6 18. Qd5+ Ke7 19. Qxc5+ Ke8
20. Rd1 Rg8 21. Bf5 Qe5 22. Rbxd7 Rxd7 23. Qc8+ Ke7 24. Rxd7# {Normal} 1-0

[Event "Rated Blitz game"]
[Site "?"]
[Date "2021.05.18"]
[Round "?"]
[White "purepecha1"]
[Black "BrilliantGambiteer"]
[Result "0-1"]
[WhiteElo "2478"]
[BlackElo "2313"]
[PlyCount "102"]
[EventDate "2021.??.??"]
[EventType "blitz"]

1. e4 e5 2. Nf3 d5 3. Nxe5 Bd6 4. d4 dxe4 5. Nc3 Bxe5 6. dxe5 Qxd1+ 7. Kxd1 Nc6
8. Bf4 Bg4+ 9. Kc1 O-O-O 10. Bc4 e3 11. f3 Bh5 12. Re1 Nge7 13. g4 Rd4 14. Bxe3
Rxc4 15. gxh5 Nxe5 16. Bg5 N7c6 17. Rf1 f6 18. Be3 Ne7 19. Bd2 Rh4 20. h6 g6
21. Rf2 Rh3 22. f4 Ng4 23. Re2 Nf5 24. b3 Rxh2 25. Re6 Rh1+ 26. Kb2 Rxa1 27.
Kxa1 Rd8 28. Bc1 Nfxh6 29. Re7 Nf5 30. Rxh7 a6 31. a4 Nd4 32. Kb2 b6 33. Rg7 f5
34. Rxg6 Kb7 35. Rg7 Nf2 36. Be3 Ng4 37. Bc1 Ne6 38. Rf7 Nd4 39. Kb1 Nf2 40.
Be3 Ng4 41. Bxd4 Rxd4 42. Rxf5 Ne3 43. Re5 Ng4 44. f5 Rf4 45. Rd5 Nh6 46. Re5
Nxf5 47. Re6 Rf1+ 48. Kb2 Nd6 49. Re7 Rf7 50. Nd5 Rxe7 51. Nxe7 c5 {Time
forfeit} 0-1

[Event "Rated Blitz tournament ukZwqpJa"]
[Site "?"]
[Date "2021.05.18"]
[Round "?"]
[White "MannySen"]
[Black "philip_simon_din"]
[Result "1-0"]
[WhiteElo "2478"]
[BlackElo "2257"]
[PlyCount "103"]
[EventDate "2021.??.??"]
[EventType "blitz"]

1. e4 e5 2. Nf3 d5 3. exd5 e4 4. Qe2 f5 5. d3 Nf6 6. Nbd2 Bb4 7. c3 Ba5 8. dxe4
fxe4 9. Nxe4 O-O 10. Bg5 Bf5 11. Bxf6 gxf6 12. O-O-O Nd7 13. Nh4 Bg6 14. Nxg6
hxg6 15. Qg4 Kg7 16. h4 f5 17. Qg3 fxe4 18. h5 Qf6 19. Rh4 g5 20. Rg4 Kh6 21.
Bb5 Nc5 22. b4 Nd3+ 23. Bxd3 Bxb4 24. Bxe4 Bxc3 25. f4 Rg8 26. Kc2 Bb4 27. Bg6
gxf4 28. Rxf4 Qe5 29. Rd3 Rae8 30. Rxb4 Qe2+ 31. Rd2 Qe7 32. Qf4+ Kg7 33. Rc4
Rgf8 34. Qxc7 Kh6 35. Qxe7 Rxe7 36. d6 Rd7 37. Rc7 Rfd8 38. Rxd7 Rxd7 39. Bf5
Rd8 40. g4 b5 41. d7 Kg5 42. Re2 a5 43. Re8 b4 44. Rxd8 a4 45. Rg8+ Kh4 46.
d8=Q+ Kg3 47. Qd3+ Kf4 48. Qd2+ Ke5 49. Re8+ Kf6 50. Qh6+ Kf7 51. Qe6+ Kg7 52.
Rg8# {Normal} 1-0

[Event "Rated Blitz game"]
[Site "?"]
[Date "2021.05.18"]
[Round "?"]
[White "ButterflyQueen"]
[Black "oJoNTANGc0"]
[Result "0-1"]
[WhiteElo "2396"]
[BlackElo "2427"]
[PlyCount "54"]
[EventDate "2021.??.??"]
[EventType "blitz"]

1. e4 e5 2. Nf3 d5 3. d4 dxe4 4. Nxe5 Bd6 5. Bc4 Bxe5 6. dxe5 Qxd1+ 7. Kxd1 Nc6
8. Bf4 Bg4+ 9. Kc1 Nge7 10. h3 Bh5 11. Nc3 Ng6 12. Bh2 Ngxe5 13. Bb5 O-O-O 14.
Nxe4 Bg6 15. Nc3 f6 16. a3 Nd4 17. Ba4 a6 18. f4 Nc4 19. Bg1 Nb6 20. Bxd4 Rxd4
21. Bb3 Rxf4 22. Re1 Rf2 23. g4 Rd8 24. a4 Nc4 25. a5 Nd2 26. Be6+ Kb8 27. Nd5
Nf3 {Normal} 0-1

[Event "Rated Blitz game"]
[Site "?"]
[Date "2021.05.18"]
[Round "?"]
[White "Elito29"]
[Black "Dubov1bliz"]
[Result "0-1"]
[WhiteElo "2569"]
[BlackElo "2533"]
[PlyCount "106"]
[EventDate "2021.??.??"]
[EventType "blitz"]

1. e4 e5 2. Nf3 d5 3. exd5 e4 4. Qe2 Qe7 5. Nd4 Nf6 6. Nc3 a6 7. d3 exd3 8.
Qxe7+ Bxe7 9. Bxd3 O-O 10. O-O Bd6 11. Bg5 Be5 12. Nf3 Bxc3 13. bxc3 Nxd5 14.
c4 Nc3 15. Rfe1 Be6 16. a4 Bd7 17. Ne5 Re8 18. Bd2 Rxe5 19. Rxe5 Nxa4 20. Bf5
h6 21. Bxd7 Nxd7 22. Re7 Nac5 23. Be3 c6 24. Rd1 a5 25. Rexd7 Nxd7 26. Rxd7 b5
27. c5 a4 28. Rd1 a3 29. Ra1 f5 30. Kf1 Kf7 31. Ke2 g5 32. Bc1 a2 33. Kd3 Ke6
34. Kc3 Kd5 35. Kb2 Re8 36. Rxa2 Re2 37. Ra7 Rxf2 38. Rd7+ Kc4 39. Rd6 Rxg2 40.
Rxc6 Rxh2 41. Rc8 f4 42. c6 Kc5 43. c7 Kc6 44. Kb3 Kb7 45. Rf8 Kxc7 46. Bb2 Kd6
47. Bg7 Kd5 48. Rf6 Ke4 49. Bxh6 Rg2 50. Rb6 f3 51. Rb8 f2 52. Rf8 g4 53. Bd2
g3 {Normal} 0-1

[Event "Rated Blitz game"]
[Site "?"]
[Date "2021.05.18"]
[Round "?"]
[White "Kasparovna"]
[Black "khalid_ontawar"]
[Result "0-1"]
[WhiteElo "2272"]
[BlackElo "2450"]
[PlyCount "35"]
[EventDate "2021.??.??"]
[EventType "blitz"]

1. e4 e5 2. Nf3 d5 3. Nc3 dxe4 4. Nxe5 Qe7 5. Nc4 Be6 6. Ne3 Nf6 7. d4 exd3 8.
Bxd3 Nc6 9. O-O O-O-O 10. Qe2 Ne5 11. Bb5 h5 12. Nc4 Neg4 13. f3 Qc5+ 14. Be3
Nxe3 15. Qxe3 Bxc4 16. Qxc5 Bxc5+ 17. Kh1 Bxf1 18. Rxf1 {Normal} 0-1

[Event "Rated Blitz game"]
[Site "?"]
[Date "2021.05.18"]
[Round "?"]
[White "Rakki_Krish"]
[Black "khalid_ontawar"]
[Result "0-1"]
[WhiteElo "2279"]
[BlackElo "2437"]
[PlyCount "86"]
[EventDate "2021.??.??"]
[EventType "blitz"]

1. e4 e5 2. Nf3 d5 3. exd5 e4 4. Qe2 Nf6 5. Nc3 Bf5 6. d3 Bb4 7. Bd2 Bxc3 8.
Bxc3 O-O 9. dxe4 Nxe4 10. Bd4 Re8 11. Be3 Qxd5 12. Nd4 Bg6 13. Qb5 Qxb5 14.
Bxb5 c6 15. Bd3 Nd7 16. O-O-O Rad8 17. g4 Nb6 18. h4 Nd6 19. Nf5 Nxf5 20. gxf5
Bh5 21. Rdg1 Nd5 22. Bd2 b5 23. Rg5 Be2 24. Rhg1 g6 25. fxg6 hxg6 26. Bxg6 fxg6
27. Rxg6+ Kf7 28. Rxc6 Re6 29. Rc5 a6 30. Bg5 Rd7 31. a3 Bf3 32. Rg3 Be4 33. f3
Bf5 34. f4 Re1+ 35. Kd2 Rh1 36. Ke2 Rh2+ 37. Kf3 Rxc2 38. Rxc2 Bxc2 39. Ke2 Nf6
40. Rc3 Bd1+ 41. Ke1 Bg4 42. Rc6 Ne4 43. Rxa6 Rd1# {Normal} 0-1

[Event "Rated Blitz game"]
[Site "?"]
[Date "2021.05.18"]
[Round "?"]
[White "tstopenings"]
[Black "oJoNTANGc0"]
[Result "1-0"]
[WhiteElo "2468"]
[BlackElo "2386"]
[PlyCount "87"]
[EventDate "2021.??.??"]
[EventType "blitz"]

1. e4 e5 2. Nf3 d5 3. exd5 e4 4. Qe2 Nf6 5. d3 Qxd5 6. Nbd2 Be6 7. dxe4 Qd7 8.
Nc4 Nc6 9. Bf4 O-O-O 10. Qe3 Kb8 11. Be2 Ng4 12. Qb3 Bc5 13. O-O Na5 14. Qc3
Nc6 15. h3 Nf6 16. Nce5 Nxe5 17. Qxc5 Ng6 18. Be3 b6 19. Qb4 a5 20. Qc3 Nxe4
21. Qxg7 Rdg8 22. Qd4 Qxd4 23. Bxd4 f6 24. Bd3 c5 25. Bxe4 cxd4 26. Nxd4 Bc4
27. Rfe1 Nf4 28. Nc6+ Kc7 29. Bf3 Nxh3+ 30. Kh2 Nxf2 31. Re7+ Kd6 32. Rae1 Ng4+
33. Kg1 Ne5 34. Nxe5 fxe5 35. R7xe5 Bxa2 36. b3 a4 37. Rd5+ Kc7 38. Re7+ Kb8
39. Rdd7 axb3 40. Rb7+ Kc8 41. Rec7+ Kd8 42. Rf7 Ke8 43. Bc6+ Kd8 44. Rb8# {
Normal} 1-0

[Event "Rated Blitz game"]
[Site "?"]
[Date "2021.05.18"]
[Round "?"]
[White "Alya_BudiCM"]
[Black "anjaya01"]
[Result "1-0"]
[WhiteElo "2428"]
[BlackElo "2435"]
[PlyCount "97"]
[EventDate "2021.??.??"]
[EventType "blitz"]

1. e4 e5 2. Nf3 d5 3. exd5 Bd6 4. d3 f5 5. Nc3 Nf6 6. Be2 O-O 7. O-O a6 8. d4
e4 9. Ne5 Nbd7 10. f4 exf3 11. Nxd7 fxe2 12. Nxf6+ Qxf6 13. Nxe2 b5 14. Bf4 Bb7
15. Bxd6 Qxd6 16. Nf4 Bxd5 17. Nxd5 Qxd5 18. c3 Rad8 19. Qf3 g6 20. Qxd5+ Rxd5
21. Rae1 Rfd8 22. Re6 R5d6 23. Rxd6 Rxd6 24. Re1 Kf7 25. Kf2 Re6 26. Rxe6 Kxe6
27. b3 Kd5 28. Ke3 c5 29. dxc5 Kxc5 30. Kf4 b4 31. c4 a5 32. Kg5 a4 33. g3 a3
34. h4 Kd4 35. Kh6 Kc3 36. c5 Kb2 37. c6 Kxa2 38. c7 Kb2 39. c8=Q a2 40. Qh8+
Kb1 41. Kxh7 a1=Q 42. Qxa1+ Kxa1 43. Kxg6 Kb2 44. h5 Kxb3 45. h6 Kc2 46. h7 f4
47. gxf4 b3 48. h8=Q b2 49. Qxb2+ {Normal} 1-0

[Event "Rated Rapid game"]
[Site "?"]
[Date "2021.05.18"]
[Round "?"]
[White "M_Ryan"]
[Black "Delyvj"]
[Result "0-1"]
[WhiteElo "2408"]
[BlackElo "2432"]
[PlyCount "44"]
[EventDate "2021.??.??"]
[EventType "rapid"]

1. e4 e5 2. Nf3 d5 3. Nxe5 dxe4 4. Bc4 Qg5 5. Nxf7 Qxg2 6. Rf1 Bg4 7. Be2 Bxe2
8. Qxe2 Kxf7 9. Qc4+ Ke8 10. Qb5+ Nd7 11. Qxb7 Rb8 12. Qxc7 Ngf6 13. d3 exd3
14. cxd3 Bb4+ 15. Nc3 Kf7 16. Qc4+ Kg6 17. Bd2 Rhe8+ 18. Be3 Ne5 19. Qa6 Rb6
20. Qxa7 Bxc3+ 21. bxc3 Nf3+ 22. Kd1 Qxf1+ {Normal} 0-1